Представление документа в формате MARC21

Поле Инд. ПП Название Значение
Тип записи a
Библиографический уровень m
001 Контрольный номер RU/IS/BASE/307188202
005 Дата корректировки 20140703180652.7
040 a Служба первич. каталог. НБ ТвГУ
b Код языка каталог. rus
e Правила каталог. PSBO
041 0_ a Код языка текста rus
080 a Индекс УДК 811.163.2'367.3(043.3)
084 a Индекс другой классификации/Индекс ББК Ш141.62-222я031
090 a Полочн. индекс Ш141.62
x Авторский знак П 70
100 1_ a Автор Прасолова Наталья Владимировна
q Полное имя Прасолова Н. В.
245 10 a Заглавие Биноминативные предложения в болгарском языке (на материале художественной прозы)
b Продолж. заглавия автореф. дис. ... канд. филол. наук : 10.02.03
c Ответственность С.-Петерб. гос. ун-т, Фак. филологии и искусств, Каф. славян. филологии
260 a Место издания Санкт-Петербург
b Издательство б. и.
c Дата издания 2009
300 a Объем 22 с.
b Иллюстрации/ тип воспроизводства табл.
500 a Примечание На правах рукоп.
504 a Библиография Библиогр.: с. 21
650 a Основная рубрика Болгарский язык
x Основная подрубрика Синтаксис
650 14 a Основная рубрика Предложение в болгарском языке
653 a Ключевые слова Биноминативные предложения
a Ключевые слова Болгарский язык
a Ключевые слова Предложение в болгарском языке
a Ключевые слова Синтаксис болгарского языка
a Ключевые слова Авторефераты
920 a Оператор Густ
930 a Новая/Ретро авторефераты
952 c Вид литературы А/Р н
954 a Дата поступления на обработку 20091015